Terreurs de Bowser/Koopalins - Statistiques

Statistiques générales
  • Ce quiz a été pris 18 fois
  • Le résultat moyen est 6 sur 7
Statistiques - réponses
Terreurs de Bowser % Correct
Lemmy Koopa
93%
Ludwig von Koopa
93%
Roy Koopa
93%
Wendy O'Koopa
93%
Morton Koopa Jr
86%
Larry Koopa
79%
Iggy Koopa
64%
Aucun quiz correspondant
Distribution des résultats
% des personnes avec chaque résultat
Percentile par nombre de réponses
Votre historique - résultats
Vous n’avez pas pris ce quiz